Score 0/25 Timer 07:00
5 Plays Today
% Correct
Forrest Gump
94.3%
The Terminator
94%
Raiders of the Lost Ark
93.3%
American Pie
93.1%
The Lord of the Rings: The Return of the King
87.6%
A Beautiful Mind
87%
Wayne's World
85.1%
Psycho
84.8%
Taxi Driver
84.2%
The Wizard of Oz
84%
The Big Lebowski
82.3%
Casablanca
80.2%
Annie Hall
78.3%
% Correct
The Godfather
75.7%
The Graduate
74.3%
Planet of the Apes
73.5%
Gone with the Wind
71.8%
Paint Your Wagon
70.6%
North by Northwest
70%
My Big Fat Greek Wedding
69.9%
Scent of a Woman
69%
Some Like It Hot
67.9%
Back to the Future
61%
E.T.
60.6%
Blue Velvet
55.2%
Remove Ads.
Support Sporcle.
Get the best of Sporcle when you Go Orange. This ad-free experience offers more features, more stats, and more fun while also helping to support Sporcle. Thank you for becoming a member.

You're not logged in!

Compare scores with friends on all Sporcle quizzes.
OR
Log In

Show Comments

Extras

Top Quizzes Today


Score Distribution

Your Account Isn't Verified!

In order to create a playlist on Sporcle, you need to verify the email address you used during registration. Go to your Sporcle Settings to finish the process.

Report this User

Report this user for behavior that violates our Community Guidelines.

Details: